Introduction to modern physics (Record no. 869)

MARC details
000 -LEADER
fixed length control field 00699nam a2200229Ia 4500
003 - CONTROL NUMBER IDENTIFIER
control field IN-BaIIA
008 - FIXED-LENGTH DATA ELEMENTS--GENERAL INFORMATION
fixed length control field 211028s9999 xx 000 0 eng d
040 ## - CATALOGING SOURCE
Transcribing agency IIA Library
080 ## - UNIVERSAL DECIMAL CLASSIFICATION NUMBER
Universal Decimal Classification number 530.1
Item number RIC
100 ## - MAIN ENTRY--PERSONAL NAME
Personal name Richtmyer, F. K.
9 (RLIN) 1850
245 #0 - TITLE STATEMENT
Title Introduction to modern physics
Statement of responsibility, etc. F. K. Richtmyer and E. H. Kennard
250 ## - EDITION STATEMENT
Edition statement 4th ed.
260 ## - PUBLICATION, DISTRIBUTION, ETC.
Place of publication, distribution, etc. New York
Name of publisher, distributor, etc. McGraw-Hill
Date of publication, distribution, etc. 1947
300 ## - PHYSICAL DESCRIPTION
Extent xvii,759p.
490 ## - SERIES STATEMENT
Series statement International series in pure and applied physcics
650 ## - SUBJECT ADDED ENTRY--TOPICAL TERM
Topical term or geographic name entry element Modern Physics
9 (RLIN) 1851
650 ## - SUBJECT ADDED ENTRY--TOPICAL TERM
Topical term or geographic name entry element NASA Thesaurus
650 ## - SUBJECT ADDED ENTRY--TOPICAL TERM
Topical term or geographic name entry element Physics
9 (RLIN) 73
650 ## - SUBJECT ADDED ENTRY--TOPICAL TERM
Topical term or geographic name entry element Theoretical Physics
9 (RLIN) 1581
700 ## - ADDED ENTRY--PERSONAL NAME
Personal name Kennard, E. H.
9 (RLIN) 1852
942 ## - ADDED ENTRY ELEMENTS (KOHA)
Koha item type Books
Holdings
Withdrawn status Lost status Damaged status Not for loan Home library Current library Shelving location Date acquired Total Checkouts Full call number Barcode Date last seen Price effective from Koha item type
        IIA Library-Bangalore IIA Library-Bangalore General Stacks     530.1/ RIC 896 05/11/2021   Books

Powered by Koha